[Event "CE Selecciones Autonómicas U14"]
[Site "Padrón"]
[Date "2017.06.24"]
[Round "4.2"]
[White "Sainz Allo, Javier"]
[Black "Quintana Toribio, Felix"]
[Result "1/2-1/2"]
[WhiteElo "1369"]
[BlackElo "1529"]
[PlyCount "63"]
[EventDate "2017.06.22"]
[EventType ""]
[EventRounds "6"]
[EventCountry "ESP"]
[WhiteTeam "La Rioja (U14)"]
[BlackTeam "Castilla y Leon (U14)"]
[WhiteTeamCountry "ESP"]
[BlackTeamCountry "ESP"]

1. e4 c5 2. Nf3 Nc6 3. d4 cxd4 4. Nxd4 g6 5. Nc3 Bg7 6. Be3 Nf6 7. f3 O-O 8.
Qd2 d5 9. exd5 Nxd5 10. Nxd5 Qxd5 11. Nxc6 Qxc6 12. O-O-O Be6 13. Kb1 Qa4 14.
a3 Rac8 15. Bd3 Rc3 16. Bh6 Bh8 17. Qf4 Qxf4 18. Bxf4 Rcc8 19. Rhe1 Rfd8 20.
Bg3 Bf6 21. Bf2 Bd4 22. Bxd4 Rxd4 23. Be4 Rxd1+ 24. Rxd1 Rc7 25. Kc1 Kg7 26.
Kd2 Kf6 27. Ke3 Bf5 28. Bxf5 Kxf5 29. c3 e5 30. Rd6 h5 31. Rd8 f6 32. Rd6
1/2-1/2

[Event "CE Selecciones Autonómicas U14"]
[Site "Padrón"]
[Date "2017.06.24"]
[Round "4.3"]
[White "Punzon Avila, Iratxe"]
[Black "Saenz Villalta, Celia"]
[Result "1/2-1/2"]
[WhiteElo "1371"]
[BlackElo "1275"]
[PlyCount "79"]
[EventDate "2017.06.22"]
[EventType ""]
[EventRounds "6"]
[EventCountry "ESP"]
[WhiteTeam "Castilla y Leon (U14)"]
[BlackTeam "La Rioja (U14)"]
[WhiteTeamCountry "ESP"]
[BlackTeamCountry "ESP"]

1. d4 d5 2. Nf3 Nf6 3. h3 e6 4. Bf4 Bd6 5. Bxd6 Qxd6 6. e3 c6 7. Bd3 Nbd7 8.
Nbd2 e5 9. dxe5 Nxe5 10. Nxe5 Qxe5 11. c3 O-O 12. Nf3 Qh5 13. Kd2 Ne4+ 14. Bxe4
dxe4 15. Nd4 Qg5 16. Kc2 Qxg2 17. Qf1 Qxf1 18. Raxf1 c5 19. Ne2 Be6 20. a3 Rad8
21. Ng3 Rd6 22. Kc1 Rb6 23. Rfg1 g6 24. Nxe4 Bd5 25. f3 Bxe4 26. fxe4 Re8 27.
Rg4 Rbe6 28. Rg5 b6 29. Rg4 Rxe4 30. Rxe4 Rxe4 31. Kd2 c4 32. Ke2 Kg7 33. Kf2
Kf6 34. Rd1 Ke7 35. Kf3 f5 36. Rd5 a6 37. a4 h6 38. a5 b5 39. Rc5 Kd7 40. Rd5+
1/2-1/2

[Event "CE Selecciones Autonómicas U14"]
[Site "Padrón"]
[Date "2017.06.24"]
[Round "4.4"]
[White "Iglesias Abroma, Carla"]
[Black "Herguedas Manzanares, Lucia"]
[Result "1-0"]
[WhiteElo "1224"]
[BlackElo "1291"]
[PlyCount "73"]
[EventDate "2017.06.22"]
[EventType ""]
[EventRounds "6"]
[EventCountry "ESP"]
[WhiteTeam "La Rioja (U14)"]
[BlackTeam "Castilla y Leon (U14)"]
[WhiteTeamCountry "ESP"]
[BlackTeamCountry "ESP"]

1. e4 e5 2. Bc4 Nf6 3. d3 Nc6 4. Nf3 h6 5. Be3 d6 6. O-O Be7 7. Re1 O-O 8. Nbd2
Bd7 9. a3 Rb8 10. Nf1 Nh5 11. Nxe5 Nf6 12. Nxd7 Qxd7 13. Ng3 Ng4 14. Bd2 Bh4
15. Qf3 Nce5 16. Qf5 Qxf5 17. exf5 c6 18. Ba2 Nd7 19. Re4 Ndf6 20. Rd4 Rbd8 21.
h3 Bxg3 22. hxg4 Be5 23. Rb4 c5 24. Rxb7 Nxg4 25. c3 a6 26. Rd1 Bh2+ 27. Kf1
Ne5 28. d4 cxd4 29. cxd4 Nc6 30. d5 Be5 31. dxc6 d5 32. Ba5 Rd6 33. Bb4 Rxc6
34. Bxf8 Kxf8 35. Bxd5 Rf6 36. Bxf7 Rxf7 37. Rd8# 1-0

[Event "CE Selecciones Autonómicas U14"]
[Site "Padrón"]
[Date "2017.06.24"]
[Round "4.1"]
[White "Cespedes Llaverias, Llibert"]
[Black "Quispe Arteaga, Gabriel"]
[Result "1/2-1/2"]
[WhiteElo "2004"]
[BlackElo "2294"]
[PlyCount "66"]
[EventDate "2017.06.22"]
[EventType ""]
[EventRounds "6"]
[EventCountry "ESP"]
[WhiteTeam "Catalunya (U14)"]
[BlackTeam "Madrid (U14)"]
[WhiteTeamCountry "ESP"]
[BlackTeamCountry "ESP"]

1. e4 c6 2. d4 d5 3. e5 Bf5 4. h4 h5 5. Bd3 Bxd3 6. Qxd3 e6 7. Nf3 c5 8. c3 Nc6
9. O-O Qb6 10. a3 a5 11. Nbd2 Nh6 12. Rd1 Nf5 13. Nf1 Be7 14. Bg5 Bxg5 15. hxg5
c4 16. Qe2 a4 17. Ne3 Nce7 18. Rab1 Qc7 19. Nd2 O-O-O 20. Ndf1 g6 21. Qf3 Rdf8
22. Re1 Ng7 23. Red1 Nef5 24. Re1 Rh7 25. Nh2 Rfh8 26. Qf4 Qe7 27. Nf3 Rf8 28.
Nh4 Nxh4 29. Qxh4 Rhh8 30. Kf1 Rd8 31. Red1 Kb8 32. Re1 Kc8 33. Red1 Kb8
1/2-1/2

[Event "CE Selecciones Autonómicas U14"]
[Site "Padrón"]
[Date "2017.06.24"]
[Round "4.2"]
[White "Guillo Longares, Cecilia"]
[Black "Masague Artero, Guerau"]
[Result "1-0"]
[WhiteElo "2017"]
[BlackElo "1996"]
[PlyCount "69"]
[EventDate "2017.06.22"]
[EventType ""]
[EventRounds "6"]
[EventCountry "ESP"]
[WhiteTeam "Madrid (U14)"]
[BlackTeam "Catalunya (U14)"]
[WhiteTeamCountry "ESP"]
[BlackTeamCountry "ESP"]

1. d4 Nf6 2. Nf3 e6 3. e3 b6 4. Bd3 Bb7 5. O-O c5 6. c4 Nc6 7. Nc3 Be7 8. d5
Nb4 9. e4 Nxd3 10. Qxd3 d6 11. h3 e5 12. Ne1 O-O 13. Nc2 Ne8 14. Ne3 g6 15. Ng4
Bg5 16. f4 exf4 17. Bxf4 Bxf4 18. Rxf4 h5 19. Ne3 Nf6 20. Raf1 Nd7 21. Nf5 Ne5
22. Qg3 Ba6 23. b3 Kh7 24. Rh4 Rg8 25. Qf4 Qf8 26. Qg5 Rh8 27. Ne2 f6 28. Qg3
Nf7 29. Nf4 Ng5 30. Nxh5 gxh5 31. Rxh5+ Kg6 32. Rxh8 Qxh8 33. h4 Rd8 34. hxg5
fxg5 35. Ne7+ 1-0

[Event "CE Selecciones Autonómicas U14"]
[Site "Padrón"]
[Date "2017.06.24"]
[Round "4.3"]
[White "Ros Alonso, Joana"]
[Black "Ingunza Curro, Andres"]
[Result "1/2-1/2"]
[WhiteElo "1961"]
[BlackElo "1965"]
[PlyCount "55"]
[EventDate "2017.06.22"]
[EventType ""]
[EventRounds "6"]
[EventCountry "ESP"]
[WhiteTeam "Catalunya (U14)"]
[BlackTeam "Madrid (U14)"]
[WhiteTeamCountry "ESP"]
[BlackTeamCountry "ESP"]

1. e4 c5 2. Nf3 d6 3. Bb5+ Bd7 4. Bxd7+ Qxd7 5. c4 Nc6 6. d4 cxd4 7. Nxd4 g6 8.
Nc3 Bg7 9. Be3 Nf6 10. f3 a6 11. O-O O-O 12. b3 Rac8 13. Rc1 Rb8 14. Nd5 Nxd5
15. cxd5 Nxd4 16. Bxd4 Bxd4+ 17. Qxd4 Rfc8 18. Qe3 Rxc1 19. Rxc1 Rc8 20. Rc3
Rxc3 21. Qxc3 Qb5 22. Kf2 Qc5+ 23. Qxc5 dxc5 24. Ke3 Kf8 25. e5 e6 26. d6 Ke8
27. a4 b5 28. axb5 1/2-1/2

[Event "CE Selecciones Autonómicas U14"]
[Site "Padrón"]
[Date "2017.06.24"]
[Round "4.4"]
[White "Zhou, Lulu"]
[Black "Povill Claros, Laura"]
[Result "1-0"]
[WhiteElo "1964"]
[BlackElo "1788"]
[PlyCount "75"]
[EventDate "2017.06.22"]
[EventType ""]
[EventRounds "6"]
[EventCountry "ESP"]
[WhiteTeam "Madrid (U14)"]
[BlackTeam "Catalunya (U14)"]
[WhiteTeamCountry "ESP"]
[BlackTeamCountry "ESP"]

1. e4 c5 2. Nf3 Nc6 3. d4 cxd4 4. Nxd4 g6 5. c4 Bg7 6. Be3 Nf6 7. Nc3 O-O 8.
Be2 d6 9. O-O Bd7 10. f3 Nxd4 11. Bxd4 Bc6 12. Qd2 Nd7 13. Nd5 a5 14. b3 Nc5
15. Rab1 e6 16. Bxg7 Kxg7 17. Ne3 Qe7 18. Rfd1 Rfd8 19. a3 Be8 20. b4 axb4 21.
axb4 Na6 22. Ra1 Rab8 23. Qb2+ Qf6 24. Qb3 h5 25. g4 h4 26. Ra5 g5 27. Ng2 Qe7
28. Qc3+ Kg8 29. f4 f6 30. fxg5 fxg5 31. Qd2 e5 32. Ne3 Bg6 33. Nd5 Qg7 34.
Qxg5 Rf8 35. Ne7+ Kh7 36. Qxh4+ Qh6 37. Qxh6+ Kxh6 38. Rxd6 1-0

[Event "CE Selecciones Autonómicas U14"]
[Site "Padrón"]
[Date "2017.06.24"]
[Round "4.1"]
[White "Alonso Garcia, Aaron"]
[Black "Pedchenko, Alex"]
[Result "1-0"]
[WhiteElo "2121"]
[BlackElo "1734"]
[PlyCount "73"]
[EventDate "2017.06.22"]
[EventType ""]
[EventRounds "6"]
[EventCountry "ESP"]
[WhiteTeam "Murcia (U14)"]
[BlackTeam "Navarra (U14)"]
[WhiteTeamCountry "ESP"]
[BlackTeamCountry "ESP"]

1. e4 g6 2. d4 Bg7 3. Nc3 d6 4. Be3 a6 5. Qd2 Nf6 6. f3 h5 7. h4 Nc6 8. O-O-O
b5 9. Nh3 Bxh3 10. Rxh3 Rb8 11. a4 b4 12. Nd5 Nxd5 13. exd5 Na7 14. Bxa6 c6 15.
dxc6 Qb6 16. Qd3 Qxc6 17. d5 Qd7 18. Bd4 O-O 19. Bxg7 Kxg7 20. b3 Nc8 21. Qd4+
f6 22. Bb5 Qa7 23. Qxb4 Qe3+ 24. Qd2 Qc5 25. Qd4 Qc7 26. g4 Rh8 27. g5 Na7 28.
Bc4 Nc8 29. Rg3 Kf7 30. Re1 Rg8 31. gxf6 exf6 32. Re6 Qd8 33. Bd3 Rg7 34. Qf4
Rb7 35. Ba6 Rc7 36. Bxc8 Rxc8 37. Qxd6 1-0

[Event "CE Selecciones Autonómicas U14"]
[Site "Padrón"]
[Date "2017.06.24"]
[Round "4.2"]
[White "Labiano Hernandez, Juan"]
[Black "Blesa Fernandez, Ignacio"]
[Result "1-0"]
[WhiteElo "1630"]
[BlackElo "1759"]
[PlyCount "75"]
[EventDate "2017.06.22"]
[EventType ""]
[EventRounds "6"]
[EventCountry "ESP"]
[WhiteTeam "Navarra (U14)"]
[BlackTeam "Murcia (U14)"]
[WhiteTeamCountry "ESP"]
[BlackTeamCountry "ESP"]

1. e4 c5 2. Nc3 a6 3. a4 e6 4. Bc4 b6 5. f4 Bb7 6. d3 Qc7 7. Nf3 d6 8. f5 exf5
9. O-O Nf6 10. Ng5 d5 11. Nxd5 Nxd5 12. exd5 Bd6 13. Qe1+ Qe7 14. Qxe7+ Kxe7
15. Rxf5 f6 16. Ne6 Bc8 17. Bf4 Bxf4 18. Rxf4 Bxe6 19. Re1 Nd7 20. Rxe6+ Kd8
21. Rfe4 Ne5 22. Rxb6 Kc7 23. Re6 Rhe8 24. Rxe8 Rxe8 25. d4 cxd4 26. Rxd4 Kb6
27. b4 f5 28. h3 g5 29. a5+ Kb7 30. Be2 Kc7 31. d6+ Kd8 32. d7 Re6 33. b5 axb5
34. Bxb5 g4 35. Kf2 h5 36. a6 h4 37. a7 g3+ 38. Kf1 1-0

[Event "CE Selecciones Autonómicas U14"]
[Site "Padrón"]
[Date "2017.06.24"]
[Round "4.3"]
[White "Jimenez Fernandez, Rebeca"]
[Black "Salvatierra Alzorriz, Haizea"]
[Result "0-1"]
[WhiteElo "1697"]
[BlackElo "1605"]
[PlyCount "81"]
[EventDate "2017.06.22"]
[EventType ""]
[EventRounds "6"]
[EventCountry "ESP"]
[WhiteTeam "Murcia (U14)"]
[BlackTeam "Navarra (U14)"]
[WhiteTeamCountry "ESP"]
[BlackTeamCountry "ESP"]

1. e4 e6 2. d3 c5 3. Nf3 g6 4. g3 Bg7 5. Bg2 Ne7 6. O-O O-O 7. c3 Nbc6 8. Re1
d6 9. Be3 Bd7 10. Qd2 b5 11. Na3 Rb8 12. Bh6 e5 13. Bxg7 Kxg7 14. h4 h5 15. Nc2
Qc8 16. Kh2 f5 17. exf5 Bxf5 18. Ne3 Bg4 19. Nxg4 Qxg4 20. Ng5 Qf5 21. Re2 Qf6
22. Ne4 Qe6 23. Bh3 Nf5 24. Qg5 Nd8 25. g4 hxg4 26. Qxg4 Rh8 27. Qg5 Nf7 28.
Qg4 N7h6 29. Qg2 Nf7 30. Ng5 Nxg5 31. hxg5 Rxh3+ 32. Qxh3 Rh8 33. Qxh8+ Kxh8
34. f4 Nh4 35. fxe5 Qg4 36. Rf2 Nf3+ 37. Rxf3 Qxf3 38. exd6 Qf4+ 39. Kh1 Qxd6
40. Rd1 Qf4 41. d4 0-1

[Event "CE Selecciones Autonómicas U14"]
[Site "Padrón"]
[Date "2017.06.24"]
[Round "4.4"]
[White "Dorregarai Iparaguirre, Leire"]
[Black "Morillas Machetti, Marta"]
[Result "0-1"]
[WhiteElo "1522"]
[BlackElo "1447"]
[PlyCount "104"]
[EventDate "2017.06.22"]
[EventType ""]
[EventRounds "6"]
[EventCountry "ESP"]
[WhiteTeam "Navarra (U14)"]
[BlackTeam "Murcia (U14)"]
[WhiteTeamCountry "ESP"]
[BlackTeamCountry "ESP"]

1. e4 d5 2. exd5 Nf6 3. d3 Nxd5 4. Nf3 g6 5. Nbd2 Bg7 6. Ne4 O-O 7. Be2 Nc6 8.
O-O e5 9. c3 Re8 10. Bg5 f6 11. Bd2 b6 12. Qc2 Bb7 13. h4 f5 14. Ng3 Qe7 15.
Bg5 Bf6 16. Bxf6 Qxf6 17. Rae1 Rad8 18. Qa4 a5 19. Ng5 h6 20. Nf3 Kh8 21. Qc2
Nf4 22. Qd2 g5 23. hxg5 hxg5 24. Qc1 e4 25. dxe4 fxe4 26. Nh2 Ne5 27. Bb5 c6
28. Nxe4 Qg6 29. Ba4 Ned3 30. Qe3 Nxe1 31. Rxe1 b5 32. Bc2 Re7 33. Qc5 Qg7 34.
Qf5 Rf8 35. Qg4 Qh6 36. Nf3 Rh7 37. Ng3 Bc8 38. Qxc8 Rxc8 39. Bxh7 Qxh7 40.
Nxg5 Qg7 41. Nf3 Rd8 42. Nd4 Qg8 43. Nxc6 Re8 44. Rd1 Qxa2 45. Nd4 Qd5 46. f3
Ne2+ 47. Kf2 Nxd4 48. Rxd4 Qc5 49. Ne4 Qa7 50. Kf1 Qh7 51. Nf6 Qh1+ 52. Kf2
Qe1# 0-1

[Event "CE Selecciones Autonómicas U14"]
[Site "Padrón"]
[Date "2017.06.24"]
[Round "5.1"]
[White "Pedchenko, Alex"]
[Black "Cuellar Montes, Alejandro"]
[Result "0-1"]
[WhiteElo "1734"]
[BlackElo "1942"]
[PlyCount "64"]
[EventDate "2017.06.22"]
[EventType ""]
[EventRounds "6"]
[EventCountry "ESP"]
[WhiteTeam "Navarra (U14)"]
[BlackTeam "Andalucia (U14)"]
[WhiteTeamCountry "ESP"]
[BlackTeamCountry "ESP"]

1. d4 Nf6 2. Nf3 b6 3. Bf4 g6 4. h3 Bg7 5. e3 d6 6. Nbd2 Bb7 7. Bc4 O-O 8. O-O
Nbd7 9. c3 Qe8 10. Bg3 e5 11. Qc2 e4 12. Ne1 Qe7 13. Bb3 Kh8 14. c4 Nh5 15. Bh2
f5 16. Qc3 Rae8 17. g3 g5 18. Ng2 c5 19. f4 gxf4 20. Nxf4 Nxf4 21. Rxf4 cxd4
22. exd4 Qf6 23. Kf1 Qxd4 24. Qxd4 Bxd4 25. Ke2 Bxb2 26. Raf1 e3 27. Nf3 Nc5
28. Ne1 Be4 29. Bc2 Ne6 30. Rh4 Nd4+ 31. Kxe3 Bxc2+ 32. Kd2 Re2# 0-1

[Event "CE Selecciones Autonómicas U14"]
[Site "Padrón"]
[Date "2017.06.24"]
[Round "5.2"]
[White "Barrera Garcia, Rocio"]
[Black "Del Carmen Hernandez, Aimer"]
[Result "0-1"]
[WhiteElo "1591"]
[BlackElo "1619"]
[PlyCount "72"]
[EventDate "2017.06.22"]
[EventType ""]
[EventRounds "6"]
[EventCountry "ESP"]
[WhiteTeam "Andalucia (U14)"]
[BlackTeam "Navarra (U14)"]
[WhiteTeamCountry "ESP"]
[BlackTeamCountry "ESP"]

1. e4 c5 2. Nc3 g6 3. f4 Bg7 4. Nf3 e6 5. g3 d5 6. d3 Bxc3+ 7. bxc3 dxe4 8.
dxe4 Qxd1+ 9. Kxd1 Ne7 10. c4 O-O 11. Bg2 b6 12. Ke2 Ba6 13. Nd2 Nbc6 14. Kd3
Rad8+ 15. Kc3 Nd4 16. Re1 Nec6 17. Nb3 Rd7 18. Be3 Rfd8 19. a4 e5 20. Bf1 Nb4
21. Bxd4 exd4+ 22. Kd2 d3 23. cxd3 Nxd3 24. Bxd3 Rxd3+ 25. Kc2 Bxc4 26. Nc1
R3d4 27. Ra3 Be6 28. h4 Rxe4 29. Rxe4 Bf5 30. Rae3 Rd4 31. Kb3 Rxe4 32. Rxe4
Bxe4 33. Ne2 Kg7 34. Nc3 Bc6 35. Kc4 Kf6 36. g4 h5 0-1

[Event "CE Selecciones Autonómicas U14"]
[Site "Padrón"]
[Date "2017.06.24"]
[Round "5.3"]
[White "Dorregarai Iparaguirre, Leire"]
[Black "Castro Marquez, Andrea"]
[Result "1-0"]
[WhiteElo "1522"]
[BlackElo "1531"]
[PlyCount "113"]
[EventDate "2017.06.22"]
[EventType ""]
[EventRounds "6"]
[EventCountry "ESP"]
[WhiteTeam "Navarra (U14)"]
[BlackTeam "Andalucia (U14)"]
[WhiteTeamCountry "ESP"]
[BlackTeamCountry "ESP"]

1. e4 e5 2. f4 d5 3. exd5 exf4 4. Nf3 Nf6 5. d4 c6 6. Bd3 Bd6 7. Qe2+ Qe7 8.
Qxe7+ Kxe7 9. O-O Re8 10. Nc3 Kf8 11. dxc6 Nxc6 12. Nb5 Rd8 13. c3 Be7 14. Bxf4
Nd5 15. Bd2 Kg8 16. Ng5 Nf6 17. Rae1 a6 18. Na3 h6 19. Nf3 Bg4 20. Nc4 Re8 21.
Nce5 Nxe5 22. Nxe5 Bh5 23. Re3 Ng4 24. Nxg4 Bxg4 25. Rg3 h5 26. Be4 Ra7 27. Bd5
Rf8 28. h3 Bd6 29. Bf4 Bxf4 30. Rxf4 Be6 31. Bxe6 fxe6 32. Rxf8+ Kxf8 33. Rg5
b5 34. Rxh5 Rf7 35. Re5 Rf6 36. Re3 Kg8 37. Rf3 Rg6 38. Kf2 Kh7 39. g4 Rg5 40.
Re3 Rg6 41. Kg3 Kg8 42. h4 Kf7 43. Rf3+ Ke7 44. h5 Rh6 45. Kh4 Rh7 46. Kg5 Rh6
47. Rf2 Kd6 48. Rf7 e5 49. dxe5+ Kxe5 50. Rxg7 Rd6 51. Re7+ Kd5 52. h6 Kc6 53.
h7 Rd2 54. h8=Q Rxb2 55. Qc8+ Kd6 56. Qe6+ Kc5 57. Rc7# 1-0

[Event "CE Selecciones Autonómicas U14"]
[Site "Padrón"]
[Date "2017.06.24"]
[Round "5.1"]
[White "Amengual Perello, Jordi"]
[Black "Escartin Lacasa, Jose"]
[Result "1-0"]
[WhiteElo "1728"]
[BlackElo "1928"]
[PlyCount "95"]
[EventDate "2017.06.22"]
[EventType ""]
[EventRounds "6"]
[EventCountry "ESP"]
[WhiteTeam "Baleares (U14)"]
[BlackTeam "Aragon (U14)"]
[WhiteTeamCountry "ESP"]
[BlackTeamCountry "ESP"]

1. d4 d5 2. c4 c6 3. cxd5 cxd5 4. Nc3 Nc6 5. Bf4 Nf6 6. e3 Ne4 7. Nxe4 dxe4 8.
Ne2 Bg4 9. Qc2 e6 10. a3 Rc8 11. Nc3 Be7 12. Qxe4 Bf5 13. Qf3 Qb6 14. Qe2 O-O
15. Qb5 Qxb5 16. Bxb5 Na5 17. O-O Nb3 18. Ra2 Rfd8 19. Ba4 Nd2 20. Rd1 Nc4 21.
Ne2 a6 22. b4 b5 23. Bb3 a5 24. Bxc4 Rxc4 25. bxa5 Ra8 26. h3 Rxa5 27. Rda1 h6
28. Kh1 Rc2 29. Rxc2 Bxc2 30. Rc1 Bg6 31. Rc8+ Kh7 32. Nc3 Bd3 33. Rb8 Bxa3 34.
Bc7 Ra7 35. Bb6 Ra6 36. Bc5 Bxc5 37. dxc5 Ra1+ 38. Kh2 Rc1 39. Nxb5 Rb1 40. c6
Bxb5 41. c7 Rc1 42. c8=Q Rxc8 43. Rxc8 Bd3 44. Rc5 g6 45. g4 Kg7 46. f4 Be4 47.
h4 Bd3 48. Kg3 1-0

[Event "CE Selecciones Autonómicas U14"]
[Site "Padrón"]
[Date "2017.06.24"]
[Round "5.3"]
[White "Bagur Bosch, Maria"]
[Black "Polo Agustin, Lara"]
[Result "1/2-1/2"]
[WhiteElo "1498"]
[BlackElo "1452"]
[PlyCount "127"]
[EventDate "2017.06.22"]
[EventType ""]
[EventRounds "6"]
[EventCountry "ESP"]
[WhiteTeam "Baleares (U14)"]
[BlackTeam "Aragon (U14)"]
[WhiteTeamCountry "ESP"]
[BlackTeamCountry "ESP"]

1. e4 c5 2. Nf3 d6 3. d4 cxd4 4. Nxd4 Nf6 5. Nc3 g6 6. Be3 Bg7 7. f3 O-O 8. Qd2
Nc6 9. Bc4 Bd7 10. O-O-O Ne5 11. Bb3 Rb8 12. h4 b5 13. g4 Nc4 14. Bxc4 bxc4 15.
g5 Nh5 16. Nd5 e6 17. Nc3 Qb6 18. b3 Qb4 19. Nb1 Qb7 20. Nc3 Rfc8 21. Nce2 cxb3
22. Nxb3 Ba4 23. Kb1 Qa6 24. Bd4 Bxb3 25. cxb3 Bxd4 26. Nxd4 Rc4 27. Rc1 e5 28.
Rxc4 Qxc4 29. Ne2 a5 30. Rc1 Qa6 31. Ka1 Ng7 32. Nc3 Ne6 33. Nd5 Nd4 34. Qc3
Ne2 35. Qc4 Qxc4 36. Rxc4 Kf8 37. Nf6 Kg7 38. Rc6 Ng1 39. Rxd6 Nxf3 40. Rd5
Nxh4 41. Rxe5 h6 42. Nd7 Rd8 43. gxh6+ Kxh6 44. Nc5 Nf3 45. Rd5 Re8 46. Kb2 Ng5
47. Rd4 f5 48. exf5 gxf5 49. Rf4 Re5 50. Nd3 Rd5 51. Kc2 Ne6 52. Rf2 Kg5 53.
Kc3 Rd4 54. Nc5 Rd6 55. Nxe6+ Rxe6 56. Kd3 Kg4 57. Re2 Rxe2 58. Kxe2 Kf4 59.
Kf2 Ke4 60. a3 Kd4 61. b4 a4 62. Kf3 Ke5 63. Ke3 f4+ 64. Kf3 1/2-1/2

[Event "CE Selecciones Autonómicas U14"]
[Site "Padrón"]
[Date "2017.06.24"]
[Round "5.4"]
[White "Barrado Cervera, Maria"]
[Black "Antich Fernandez, Marta Isabel"]
[Result "0-1"]
[WhiteElo "1334"]
[BlackElo "1259"]
[PlyCount "122"]
[EventDate "2017.06.22"]
[EventType ""]
[EventRounds "6"]
[EventCountry "ESP"]
[WhiteTeam "Aragon (U14)"]
[BlackTeam "Baleares (U14)"]
[WhiteTeamCountry "ESP"]
[BlackTeamCountry "ESP"]

1. e4 e6 2. Qe2 Nf6 3. g3 d5 4. d3 Be7 5. Bg2 c5 6. Nf3 Nc6 7. O-O O-O 8. Bf4
b6 9. Nbd2 Ba6 10. c4 Nh5 11. Ne5 Nxf4 12. gxf4 Nd4 13. Qg4 dxc4 14. dxc4 b5
15. Kh1 Bf6 16. Ndf3 Nxf3 17. Bxf3 Bxe5 18. fxe5 bxc4 19. Rg1 g6 20. h4 Qc7 21.
Qg5 Qd8 22. Qh6 Qe7 23. Rg4 f6 24. Rag1 Rf7 25. exf6 Rxf6 26. e5 Rxf3 27. Rxg6+
Kh8 28. Rxe6 Rh3+ 29. Kg2 Rxh4 30. Qf6+ Qxf6 31. exf6 Bb7+ 32. Kg3 Rh3+ 33.
Kxh3 Bc8 34. Rge1 Bxe6+ 35. Rxe6 Rf8 36. Kg4 Kg8 37. Kf5 h5 38. Kg6 c3 39. bxc3
h4 40. f7+ Rxf7 41. Re1 Rxf2 42. Re3 Rf7 43. Rh3 Rg7+ 44. Kf5 Rh7 45. Kg5 Kf7
46. Kf5 Rh5+ 47. Kg4 Kg6 48. Kf4 Rf5+ 49. Kg4 Rh5 50. Kf4 Kf6 51. Kg4 Rh8 52.
Kf4 Ke6 53. Ke4 Kd6 54. Kd3 Kd5 55. c4+ Ke5 56. Ke3 Rh7 57. Rh2 h3 58. a3 Rh4
59. a4 Rxc4 60. Rxh3 Rc3+ 61. Kd2 Rxh3 0-1

[Event "CE Selecciones Autonómicas U14"]
[Site "Padrón"]
[Date "2017.06.24"]
[Round "5.1"]
[White "Prado Lobo, Jonas"]
[Black "Alonso Garcia, Aaron"]
[Result "1/2-1/2"]
[WhiteElo "2041"]
[BlackElo "2121"]
[PlyCount "81"]
[EventDate "2017.06.22"]
[EventType ""]
[EventRounds "6"]
[EventCountry "ESP"]
[WhiteTeam "Asturias (U14)"]
[BlackTeam "Murcia (U14)"]
[WhiteTeamCountry "ESP"]
[BlackTeamCountry "ESP"]

1. d4 Nf6 2. c4 e6 3. Nc3 Bb4 4. Qc2 b6 5. e4 Bxc3+ 6. bxc3 Bb7 7. e5 Ne4 8.
Bd3 f5 9. Nf3 O-O 10. O-O d6 11. exd6 cxd6 12. Nd2 Nxd2 13. Bxd2 Qf6 14. f3 e5
15. dxe5 Qxe5 16. Rfe1 Qf6 17. Re2 Nc6 18. Rae1 Ne5 19. Bf4 Rae8 20. Bxe5 dxe5
21. c5 e4 22. fxe4 fxe4 23. Bc4+ Kh8 24. cxb6 Rc8 25. Qb3 e3 26. Rd1 axb6 27.
a4 Qh4 28. Bd5 Ba6 29. c4 Bxc4 30. Bxc4 Qxc4 31. Rxe3 Qc5 32. Rde1 Rce8 33. h3
Re4 34. Kh1 Rb4 35. Qa3 h6 36. Re8 Rbf4 37. Qxc5 bxc5 38. Rxf8+ Rxf8 39. Rc1
Ra8 40. Rxc5 Rxa4 41. Kh2 1/2-1/2

[Event "CE Selecciones Autonómicas U14"]
[Site "Padrón"]
[Date "2017.06.24"]
[Round "5.2"]
[White "Blesa Fernandez, Ignacio"]
[Black "Badillo Ramos, Steve"]
[Result "1-0"]
[WhiteElo "1759"]
[BlackElo "1802"]
[PlyCount "53"]
[EventDate "2017.06.22"]
[EventType ""]
[EventRounds "6"]
[EventCountry "ESP"]
[WhiteTeam "Murcia (U14)"]
[BlackTeam "Asturias (U14)"]
[WhiteTeamCountry "ESP"]
[BlackTeamCountry "ESP"]

1. e4 c5 2. Nf3 Nc6 3. d4 cxd4 4. Nxd4 g6 5. Nc3 Bg7 6. Be3 Nf6 7. Bc4 O-O 8.
Bb3 d6 9. f3 Bd7 10. h4 h5 11. Qd2 a6 12. O-O-O b5 13. Nxc6 Bxc6 14. Bh6 a5 15.
e5 dxe5 16. Qg5 Bxh6 17. Qxh6 Qe8 18. Qxg6+ Kh8 19. Qh6+ Kg8 20. g4 Bxf3 21.
gxh5 Ng4 22. Rhg1 Qc8 23. Rdf1 Ra6 24. Qg5+ Kh8 25. Rxf3 Rg8 26. Qf5 Rf6 27.
Qxc8 1-0

[Event "CE Selecciones Autonómicas U14"]
[Site "Padrón"]
[Date "2017.06.24"]
[Round "5.3"]
[White "Bermudez Revuelta, Paula"]
[Black "Ruiz Pardo, Claudia"]
[Result "1-0"]
[WhiteElo "1712"]
[BlackElo "1588"]
[PlyCount "73"]
[EventDate "2017.06.22"]
[EventType ""]
[EventRounds "6"]
[EventCountry "ESP"]
[WhiteTeam "Asturias (U14)"]
[BlackTeam "Murcia (U14)"]
[WhiteTeamCountry "ESP"]
[BlackTeamCountry "ESP"]

1. e4 c5 2. Nf3 e6 3. d4 cxd4 4. Nxd4 a6 5. Nc3 b5 6. a3 Bb7 7. Be3 Qc7 8. Bd3
Nf6 9. O-O Be7 10. Kh1 h5 11. f4 Ng4 12. Bd2 Bc5 13. Nce2 Qb6 14. c3 Nc6 15. b4
Bxd4 16. Nxd4 Nxd4 17. cxd4 Qxd4 18. Qe2 Rc8 19. Rae1 Qb2 20. h3 Qd4 21. Bb1
Qb6 22. Bc1 f5 23. Qd2 fxe4 24. Bxe4 Bxe4 25. Rxe4 Nf6 26. Re2 h4 27. Qe1 Qd6
28. Bb2 Qd3 29. Rf3 Qd6 30. f5 Nh5 31. Be5 Qe7 32. fxe6 dxe6 33. Bf6 Ng3+ 34.
Rxg3 gxf6 35. Rxe6 hxg3 36. Rxe7+ Kf8 37. Re3 1-0

[Event "CE Selecciones Autonómicas U14"]
[Site "Padrón"]
[Date "2017.06.24"]
[Round "5.4"]
[White "Morillas Machetti, Marta"]
[Black "Joglar Garcia, Maria"]
[Result "1-0"]
[WhiteElo "1447"]
[BlackElo "1442"]
[PlyCount "119"]
[EventDate "2017.06.22"]
[EventType ""]
[EventRounds "6"]
[EventCountry "ESP"]
[WhiteTeam "Murcia (U14)"]
[BlackTeam "Asturias (U14)"]
[WhiteTeamCountry "ESP"]
[BlackTeamCountry "ESP"]

1. d4 d5 2. Nf3 e6 3. e3 Nf6 4. Bd3 Bd6 5. O-O b6 6. b3 Nbd7 7. Bb2 O-O 8. Nbd2
c5 9. Ne5 Qc7 10. f4 Bb7 11. c4 Ne4 12. Rc1 f6 13. Nxd7 Qxd7 14. Qc2 Nxd2 15.
Qxd2 f5 16. Qe2 Qf7 17. Rce1 Rad8 18. h3 Kh8 19. g4 h6 20. Qh2 Bc7 21. Ba3 Bd6
22. Bb2 Ba8 23. Ba1 dxc4 24. Bxc4 Bd5 25. Qe2 Qg6 26. Bd3 Qf7 27. Bb2 Qb7 28.
Bc4 Rde8 29. dxc5 Bxc5 30. Bd4 Bxd4 31. exd4 Rf7 32. Bxd5 Qxd5 33. Qe5 Qxe5 34.
dxe5 fxg4 35. hxg4 Ref8 36. f5 exf5 37. e6 Re7 38. gxf5 Kh7 39. Kg2 h5 40. Kg3
Kh6 41. Kf4 g6 42. Ke5 gxf5 43. Kd6 Rfe8 44. Rxf5 Kg6 45. Rff1 h4 46. Rg1+ Kf5
47. Rgf1+ Kg6 48. Rf2 h3 49. Rh2 Kf6 50. Rf2+ Kg6 51. Rf8 h2 52. Rxe8 Rxe8 53.
Kd7 Rh8 54. e7 Kf7 55. Rf1+ Kg7 56. e8=Q Rxe8 57. Kxe8 Kg6 58. Rh1 Kf5 59. Rxh2
Ke4 60. Rd2 1-0